The Third Gospel for the Third World / (Record no. 126877)
[ view plain ]
| 000 -LEADER | |
|---|---|
| fixed length control field | 01851cam a2200421 a 4500 |
| 001 - CONTROL NUMBER | |
| control field | 2580637 |
| 003 - CONTROL NUMBER IDENTIFIER | |
| control field | ARRUPE |
| 005 - DATE AND TIME OF LATEST TRANSACTION | |
| control field | 20170904120248.0 |
| 008 - FIXED-LENGTH DATA ELEMENTS--GENERAL INFORMATION | |
| fixed length control field | 960729m19969999mnu b 000 0 eng |
| 010 ## - LIBRARY OF CONGRESS CONTROL NUMBER | |
| LC control number | 96034651 |
| 020 ## - INTERNATIONAL STANDARD BOOK NUMBER | |
| International Standard Book Number | 0814658709 (v. 1) |
| 020 ## - INTERNATIONAL STANDARD BOOK NUMBER | |
| International Standard Book Number | 0814658717 (v. 2A) |
| 020 ## - INTERNATIONAL STANDARD BOOK NUMBER | |
| International Standard Book Number | 0814658725 (v. 2B) |
| 020 ## - INTERNATIONAL STANDARD BOOK NUMBER | |
| International Standard Book Number | 0814658733 (v. 3A) |
| 020 ## - INTERNATIONAL STANDARD BOOK NUMBER | |
| International Standard Book Number | 0814658741 (v. 3B) |
| 020 ## - INTERNATIONAL STANDARD BOOK NUMBER | |
| International Standard Book Number | 0814659594 (v. 3C) |
| 020 ## - INTERNATIONAL STANDARD BOOK NUMBER | |
| International Standard Book Number | 08414651194 (v. 4A) |
| 035 ## - SYSTEM CONTROL NUMBER | |
| System control number | (DLC) 96034651 |
| 040 ## - CATALOGING SOURCE | |
| Original cataloging agency | DLC |
| Transcribing agency | DLC |
| Modifying agency | DLC |
| 050 00 - LIBRARY OF CONGRESS CALL NUMBER | |
| Classification number | BS2595.3 |
| Item number | .H46 1996 |
| 082 00 - DEWEY DECIMAL CLASSIFICATION NUMBER | |
| Classification number | 226.4/07 |
| Edition number | 20 |
| 300 ## - PHYSICAL DESCRIPTION | |
| Dimensions | 21 cm. |
| 100 1# - MAIN ENTRY--PERSONAL NAME | |
| Personal name | Hendrickx, Herman. |
| 9 (RLIN) | 35556 |
| 245 14 - TITLE STATEMENT | |
| Title | The Third Gospel for the Third World / |
| Statement of responsibility, etc | Herman Hendrickx. |
| Remainder of title | Volume one: preface and infancy narrative (Luke 1:1-2:52) |
| 260 ## - PUBLICATION, DISTRIBUTION, ETC. (IMPRINT) | |
| Place of publication, distribution, etc | Collegeville, Minn. : |
| Name of publisher, distributor, etc | Liturgical Press, |
| Date of publication, distribution, etc | c1996-<c2001 > |
| 300 ## - PHYSICAL DESCRIPTION | |
| Extent | xiv, 285p. ; |
| 630 00 - SUBJECT ADDED ENTRY--UNIFORM TITLE | |
| Uniform title | Bible.N.T. |
| Name of part/section of a work | Luke |
| General subdivision | Commentaries. |
| 9 (RLIN) | 35557 |
| 906 ## - LOCAL DATA ELEMENT F, LDF (RLIN) | |
| a | 7 |
| b | cbc |
| c | orignew |
| d | 1 |
| e | ocip |
| f | 19 |
| g | y-gencatlg |
| 942 ## - ADDED ENTRY ELEMENTS (KOHA) | |
| Source of classification or shelving scheme | Library of Congress Classification |
| Koha item type | Monograph ( Printed materials) |
| Withdrawn status | Lost status | Source of classification or shelving scheme | Damaged status | Not for loan | Collection code | Home library | Current library | Shelving location | Date acquired | Total Checkouts | Full call number | Barcode | Date last seen | Price effective from | Koha item type |
|---|---|---|---|---|---|---|---|---|---|---|---|---|---|---|---|
| Library of Congress Classification | Main Collection | ARRUPE LIBRARY | ARRUPE LIBRARY | Main Collection | 04/09/2017 | BS2595.3 .H46 1996 | 46500027924 | 04/09/2017 | 04/09/2017 | Monograph ( Printed materials) |